他県経由必須の駅 - Statistics

General Stats
  • This quiz has been taken 97 times
  • The average score is 20 of 50
Answer Stats
都道府県 路線名 駅No. 駅名 % Correct
茨城県 東北本線(宇都宮線) 古河駅
95%
神奈川県 中央線 JC25 相模湖駅
91%
埼玉県 つくばエクスプレス TX08 八潮駅
83%
真岡駅
79%
JC26 藤野駅
79%
TX09 三郷中央駅
77%
WK16 足尾駅
70%
群馬県 東武日光線 TN07 板倉東洋大前駅
70%
茂木駅
67%
志布志駅
67%
WK17 間藤駅
63%
中部天竜駅
54%
小和田駅
51%
TI15 足利市駅
48%
佐久間駅
48%
NS14 妙見口駅
47%
水窪駅
44%
大嵐駅
43%
WK15 通洞駅
41%
西粟倉駅
41%
あわくら温泉駅
40%
東武伊勢崎線 TI12 県駅
37%
大原駅
37%
宮崎県 肥薩線(えびの高原線) 真幸駅
37%
岡山県 智頭急行智頭線 宮本武蔵駅
36%
北真岡駅
35%
鹿児島県 日南線 大隅夏井駅
33%
市塙駅
31%
TI16 野州山辺駅
31%
TI14 東武和泉駅
28%
TI13 福居駅
27%
多田羅駅
26%
静岡県 飯田線 出馬駅
26%
NS13 ときわ台駅
25%
栃木県 わたらせ渓谷鐵道わたらせ渓谷線 WK14 原向駅
22%
真岡鐵道真岡線 久下田駅
21%
大阪府 能勢電鉄妙見線 NS12 光風台駅
21%
相月駅
20%
城西駅
20%
天矢場駅
19%
下川合駅
19%
向市場駅
19%
上市場駅
17%
浦川駅
17%
寺内駅
16%
七井駅
16%
早瀬駅
15%
北山駅
14%
笹原田駅
14%
西田井駅
12%
No matching quizzes found
Score Distribution
Percent of People with Each Score
Percentile by Number Answered
Your Score History
You have not taken this quiz